000 00552cam a22001577a 4500
008 180718b1957 xxu||||| |||| 00| 0 eng d
082 _aB19x6 H926
100 _aHunton,.Alphaeus W
245 _aDecision in Africa : source of current conflict
_cbyW.Alphaeus Hunton
260 _aNew York
_bInternational Publication
_c1957
300 _a255p.
500 _a$4.00
650 _aAfrica --Politics and government.
650 _aAfrica --Economic conditions --1945- [from old catalog]
650 _aLabor and laboring classes --Africa. [from old catalog]
999 _c419564
_d419564